000 00703nam a22002177a 4500
003 UA-OsUOA
001 98164
007 ta
008 20130410b un ||||| |||| 00| 0 ukr d
090 _a821.161.1
_bО-95
942 _cBK
040 _aUA-OsUOA
_brus
_cUA-OsUOA
_dUA-OsUOA
245 _aОчерованные книгой: русские писатели о книгах, чтении, библиофилах
_bрассказы, очерки, эссе
_cСост. Блюм А.
300 _a285 с.
955 _a3
041 _arus
080 _a821.161.1
260 _aМ.
_bКнига
_c1982
650 7 _a82 Література. Літературознавство
_2UDC
999 _c384307
_d384307